Trasa Autobusu 401 Warszawa - Statystyki

Ogólne statystyki
  • Ten quiz został rozwiązany 23 razy
  • Średni wynik to 20 z 33
Statystyki odpowiedzi
Ulice Przystanki % Poprawnych
Franciszka Hynka Hynka
88%
Mariana Keniga Keniga
81%
Ryżowa Dzieci Warszawy
75%
Łopuszańska Łopuszańska
75%
Wałbrzyska Metro Służew
75%
Kleszczowa Ryżowa
75%
Sasanki Sasanki
75%
Orląt Lwowskich Ursus-Niedźwiadek
75%
Jana Ciszewskiego Ciszewskiego
69%
Lalki Lalki
69%
Orląt Lwowskich Orląt Lwowskich
69%
Łopuszańska Zajezdnia Kleszczowa
69%
Wałbrzyska Aleja Lotników
63%
Nowoursynowska Nowoursynowska
63%
Marynarska PKP Służewiec
63%
Al. KEN Ursynów Południowy
63%
Łopuszańska WKD Raków
63%
Marynarska Wynalazek
63%
Tadeusza Kościuszki PKP Ursus
56%
Mariana Keniga PKP Ursus-Niedźwiadek
56%
Bohaterów Warszawy Plac Tysiąclecia
56%
Marynarska Postępu
56%
Aleja Wilanowska Rondo Unii Europejskiej
56%
Warszawska Śmigielska
56%
Aleja Lotników Bełdan
44%
Łopuszańska Orzechowa
44%
Nowoursynowska SGGW-Rektorat
44%
Dzieci Warszawy Skoroszewska
44%
Walerego Sławka Adamieckiego
38%
Nowourysnowska SGGW-Biblioteka
38%
Dzieci Warszawy Szancera
38%
Nowoursynowska Noskowskiego
31%
Jana Ciszewskiego Strzeleckiego
31%
Nie znaleziono quizów pasujących do podanych kryteriów
Rozkład punktacji
Procent ludzi z każdym wynikiem
Percentyl według liczby udzielonych odpowiedzi
Twoja historia wyników
Nie rozwiązałeś tego quizu